| 000 | 00578nam a2200181Ia 4500 | ||
|---|---|---|---|
| 005 | 20250508163552.0 | ||
| 008 | 008 250505s9999 xx 000 0 eng d | ||
| 037 | _aTextual | ||
| 040 |
_aFEDL _beng _cFEDL |
||
| 041 |
_aeng _2eng |
||
| 084 |
_a378..54, JHA _qFEDL |
||
| 100 | _aJha Hetukar | ||
| 245 | 0 | _aColonial context of higher education in India : (Patna University from 1917 to 1951 : A sociological appraisal) | |
| 260 |
_aNew Delhi, India _bUsha Publications _c1985 |
||
| 300 | _a152p. | ||
| 942 |
_cTEXL _h378..54, JHA |
||
| 999 |
_c1384138 _d1384138 |
||